000 00402nam a22001337a 4500
999 _c1642
_d1642
003 OSt
005 20200902141641.0
008 200902b ||||| |||| 00| 0 eng d
020 _a9780128045251
040 _cCML
245 _aMatlab: A Practical Introduction to Programming and Problem Solving.
_cAttaway, S.
260 _aAmsterdam
_bElsevier, Inc
_c2017
942 _2ddc
_cBK
_h600
_mATT